banner-ar

مولد الرسول صلى الله عليه وسلم فى عيون اندرسن : (Record no. 61018)

MARC details
000 -الفاتح
حقل البيانات ثابتة الطول 00940nam a22002057a 4500
005 - وقت وتاريخ اخر تعامل مع التسجيلة
رقم الضبط 20240530110439.0
008 - عناصر البيانات ثابتة الطول - معلومات عامة
حقل البيانات ثابتة الطول 150419s2009 ua a a 000 f ara d
017 ## - رقم الايداع القانونى
رقم الايداع القانونى 2009/5468
المصدر ( الهيئة المختصة) مصر . دار الكتب المصرية
020 ## - الرقم الدولى المعيارى للكتب
الرقم الدولى المعيارى للكتاب 9789774274768
040 ## - مصدر الفهرسة
وكالة الفهرسة الأصلية EG-CaGPL
082 04 - رقم تصنيف ديوى العشرى
رقم الطبعة 21
رقم التصنيف 813.088
رقم المادة ط/أ م
100 1# - المدخل الرئيسى - إسم شخصى
الإسم الشخصى اندرسن ، هانز كريستيان
245 10 - بيان العنوان
العنوان مولد الرسول صلى الله عليه وسلم فى عيون اندرسن :
بقية العنوان مشهد فى القسطنطينية /
بيان المسئوليه,etc هانز كريستيان اندرسن ؛ نقله الى العربية عبدالتواب يوسف ؛ تقديم جابر عصفور ؛ رسوم صلاح بيصار .
250 ## - بيان الطبعة
بيان الطبعة ط1.
260 ## - PUBLICATION, DISTRIBUTION, ETC. (IMPRINT)
تاريخ النشر أو التوزيع 2009 .
300 ## - الوصف المادى
التعداد متعدد ؛
أبعاد الوعاء 24 سم.
650 04 - المدخل الاضافى بالموضوع-مصطلح موضوعى
مصطلح موضوعي قصص الاطفال
942 ## - عناصر المدخل الإضافي( كوها)
مصدر التصنيف او مخطط الترفيف Dewey Decimal Classification
Koha [default] item type كتاب
260 ## - PUBLICATION, DISTRIBUTION, ETC. (IMPRINT)
-- القاهرة :
-- الدار المصرية اللبنانية ،
Holdings
حالة التراجع حالة الفقد حالة تلف ليس للاعارة المكان المؤقت الموقع الحالى تاريخ الاكتساب اجمالي اﻻعارات رقم الطلب الباركود تاريخ اخر مشاهدة تاريخ تفعيل السعر نوع وعاء كوها
        مكتبة القاهرة الكبرى مكتبة القاهرة الكبرى 04/19/2015   813.088 ط/أ م 160223 04/19/2015 04/19/2015 كتاب

Powered By

EGPV